000 00537nam a2200193Ia 4500
005 20250508152722.0
008 008 250505s9999 xx 000 0 eng d
037 _aTextual
040 _aFEDL
_beng
_cFEDL
041 _aeng
_2eng
084 _a370.9, TCS
_qFEDL
245 0 _aCalendar: Teachers' college
245 0 _cTeachers' College Sydney
260 _aSydney, Australia
_bA H Petter government press
_c1955
300 _a288p
650 _aEducation
942 _cTEXL
_h370.9, TCS
999 _c1338283
_d1338283